Сочинения Н. К. Михайловского (Запис номер 391330)
[ съкратено ]
| 000 -Лидер | |
|---|---|
| Контролно поле с фиксирана дължина | 01441nam a2200301 a 4500 |
| 003 - Код на организацията, давaща контролен номер | |
| Контролно поле | BLK |
| 005 - Дата и час на последна редакция | |
| Контролно поле | 20231030093307.0 |
| 008 - Елементи от данни с фиксирана дължина | |
| fixed length control field | 201105b bu ||||| |||| 00| 0 bu d |
| 040 ## - Източник на каталожния запис | |
| Идентификатор на билиотеката - собственик на записа | BLK |
| 041 ## - Код за език | |
| Код за езика на текст/звукозапис или на отделно заглавие | Руски |
| Код за езика КДБФ | Руски |
| 080 ## - УДК | |
| Текстов определител УДК | Социални процеси |
| УДК код - определител по УДК | 316.4 |
| УДК - код + определител | 316.4 |
| 080 ## - УДК | |
| Текстов определител УДК | Мироглед |
| УДК код - определител по УДК | 140.8 |
| УДК - код + определител | 140.8 |
| 100 ## - Редна дума - Автор | |
| R(LIN) | 1299 |
| Автор | Михайловски, Николай Константинович |
| Авторска отговорност | първи автор |
| 245 ## - Сведения за заглавието | |
| Заглавие | Сочинения Н. К. Михайловского |
| Подзаглавни данни | Т. 1 - 6 |
| Редно поле (дума) | Николай Михайловски |
| Том | Т. 4 |
| Заглавие на том | Что такое прогресс? В перемежку |
| 260 ## - Област на издателските данни | |
| 9 (RLIN) | 435462 |
| Място на издаване, разпространение и проч. | Санкт-Петербург |
| Име на издателя, разпространителя и проч. | тип. Ф. С. Сущинскаго |
| Година на издаване | 1879 - 1885 |
| 300 ## - Физическа характеристика | |
| Размери/Мащаб | 21 см |
| 380 ## - Жанр | |
| Жанр | Обществени науки |
| 490 ## - СЕРИИ (Колекции) | |
| 9 (RLIN) | 435080 |
| Име на серия | Колекция Редки и ценни издания |
| 490 ## - СЕРИИ (Колекции) | |
| 9 (RLIN) | 435931 |
| Име на серия | Лична библиотека на Захари Стоянов |
| №: серия | 5 |
| 500 ## - Общи забележки | |
| Забележка | Датирана: 27.ІV.936 г. № 165 |
| 650 #7 - Допълнително описание по предмет – тема | |
| 9 (RLIN) | 171630 |
| Основно описание – тема или топоним | Социология |
| 760 ## - Описание на основната серия | |
| Страници - том | 493 с. |
| Част - том | Т. 4 |
| Заглавие | Что такое прогресс? В перемежку |
| Място на издаване, издател и година | 1883 |
| 852 ## - Местоположение | |
| Форматна сигнатура | Рр 883 ЗСт |
| Фондова буква | Редки и ценни |
| 856 ## - Електронен адрес и достъп | |
| Име на файл | Съдържание |
| Права за достъп | Достъп за регистрирани потребители |
| Електронен формат | jpg - файл |
| Път до файла /url/ | http://185.138.176.146:18082/cgi-bin/koha/opac-retrieve-file.pl?id=24b99d8c104bc24a296ceedf22a52f0c |
| Допълнителна информация (Корица, съдържание, пълен текст, звуков файл, HTML файл) | Изображение |
| Информация за съдържанието | Съдържание |
| 942 ## - АРТИКУЛИ | |
| Вид на библиотечния материал | Книги |
| Скрит в OPAC | Не |
| Периодичен библиозапис | Да |
| 944 ## - СЪЗДАВАНЕ И РЕДАКЦИЯ на ЗАПИСА | |
| Създаване/Редакция | Създаване |
| Дата на регистрацията/редакция | 2020-11-05 |
| Служител, извършил регистрацията/редакцията | 30542 |
| Статус, дата на статуса | Русанова Ирена |
| 999 ## - СИСТЕМНИ КОНТРОЛНИ НОМЕРА | |
| Koha biblionumber | 391330 |
| Koha biblioitemnumber | 391330 |
| 999 ## - СИСТЕМНИ КОНТРОЛНИ НОМЕРА | |
| Koha biblioitemnumber | 391330 |
| Код за отписване | Код за изгубен артикул | Източник на класификационната схема | Код за повреда | Коз за рестрикции | Код за отдаване | Артикулен № | Име на библиотеката - собственик | Име на библиотеката, в която се намира в момента | Статус (Текущо местоположение) | Дата на вписване в системата | Местоположение - отдел | Цена в лева | Инвентарен номер | Систематично азбучна сигнатура | Баркод | Цена в евро | Служебен тип на артикула |
|---|---|---|---|---|---|---|---|---|---|---|---|---|---|---|---|---|---|
| Не е изгубен | Universal Decimal Classification | Не е повреден | само за читалня | Специални фондове ( старопечатни, редки и ценни, фонд М. Арнаудов) | 804800 | Регионална библиотека "Любен Каравелов" Русе | Регионална библиотека "Любен Каравелов" Русе | Редки и ценни | 2020-11-06 | Редки и ценни | 0.32 | 10332-ІV | Рр 883 ЗСт | 900000038390 | 0.16 | Книги |